Rozvoj malého a stredného podnikania na Slovensku

Krátky historický prierez rozvoja MSP na Slovensku. Súčasný stav malého a stredného podnikania. Podnikateľské prostredie na Slovensku.

Guardado en:
Detalles Bibliográficos
Autor principal: Gregová, Elena
Formato: Capítulo de libro
Lenguaje:eslovaco
Materias:
Etiquetas: Agregar Etiqueta
Sin Etiquetas, Sea el primero en etiquetar este registro!

MARC

LEADER 00000naa$a2200000$$$4500
001 0091978
005 20231128130249.8
041 0 |a slo 
044 |a CZ 
245 1 0 |a Rozvoj malého a stredného podnikania na Slovensku  |c Elena Gregová 
520 |a Krátky historický prierez rozvoja MSP na Slovensku. Súčasný stav malého a stredného podnikania. Podnikateľské prostredie na Slovensku. 
610 2 0 |a prostredie podnikateľské 
610 2 0 |a podnikanie malé 
610 2 0 |a podnikanie stredné 
610 2 0 |a história 
610 2 0 |a Slovensko 
100 1 |a Gregová, Elena